ՀՀ Գիտությունների ազգային ակադեմիայի հիմնարար գիտական գրադարան  =   Fundamental Scientific Library of NAS RA

Ոդիսական / (Record no. 86858)

MARC details
000 -LEADER
fixed length control field 00658nam a2200193 a 4500
001 - CONTROL NUMBER
control field 000244255
003 - CONTROL NUMBER IDENTIFIER
control field AM-YeHGA
005 - DATE AND TIME OF LATEST TRANSACTION
control field 20250618071630.0
008 - FIXED-LENGTH DATA ELEMENTS--GENERAL INFORMATION
fixed length control field 030708s1924 it |||||||||||||||||arm|d
040 ## - CATALOGING SOURCE
Original cataloging agency AM-YeHGA
041 1# - LANGUAGE CODE
Language code of text/sound track or separate title arm
090 ## - LOCALLY ASSIGNED LC-TYPE CALL NUMBER (OCLC); LOCAL CALL NUMBER (RLIN)
-- 88142
245 10 - TITLE STATEMENT
Title Ոդիսական /
Statement of responsibility, etc. Հոմերոս; Բնագրէն թարգմ.՝ Հ.Ա.Ղ. Ղազիկեան Մխիթարեանց.
260 ## - PUBLICATION, DISTRIBUTION, ETC.
Place of publication, distribution, etc. Վենետիկ :
Name of publisher, distributor, etc. Ս. Ղազար,
Date of publication, distribution, etc. 1924.
300 ## - PHYSICAL DESCRIPTION
Extent 703 էջ ;
Other physical details 1 թ. դիմանկ. ;
Dimensions 15 սմ.
500 ## - GENERAL NOTE
General note Տիտղթ. վրա՝ Հոմերի ոդիսական
650 14 - SUBJECT ADDED ENTRY--TOPICAL TERM
Topical term or geographic name entry element Հին հունական գրականություն
9 (RLIN) 8516
942 ## - ADDED ENTRY ELEMENTS (KOHA)
Source of classification or shelving scheme Universal Decimal Classification
Koha item type Գրքեր / Books
Holdings
Withdrawn status Lost status Source of classification or shelving scheme Damaged status Not for loan Collection Home library Current library Date acquired Total checkouts Full call number Barcode Date last seen Copy number Price effective from Koha item type Public note
    Universal Decimal Classification     Gulbenkian Individual Collection Fundamental Scientific Library Fundamental Scientific Library 22/12/2016   Gulb/883 901000883 22/12/2016 880 22/12/2016 Գրքեր / Books ILL Non-Circ.


ՀՀ ԳԱԱ հիմնարար գիտական գրադարան
ՀՀ,Երևան 0019
Մարշալ Բաղրամյան 24/6
հեռախոս:(374-10) 52-47-50
Հետադարձ կապ

All site content, except where otherwise noted, is licensed under a
Creative Commons License